Realidad de la niña adolescente en Chile hoy

Сохранить в:
Библиографические подробности
Соавтор: UNESCO (Автор)
Формат:
Язык:испанский
Опубликовано: Santiago Unesco 2000
Предметы:
Метки: Добавить метку
Нет меток, Требуется 1-ая метка записи!

MARC

LEADER 00000nam a2200000 a 4500
001 UCO4356
003 CL-VaPUC
008 000804e20000000CL |||||||||||||||||spa|d
082 0 4 |a 305.4  |b UNE  |2 21 
110 2 |a UNESCO  |e author  |9 448824 
245 1 0 |a Realidad de la niña adolescente en Chile hoy 
300 |a 99 p 
942 |c BK 
945 |d 20000804 00:00:00  |a rbrito 
260 |a Santiago  |b Unesco  |c 2000 
650 0 |a Adolescencia  |9 307361 
650 7 |a EMBARAZO  |2 CL-VaPUC  |9 308235 
650 0 |a Mujeres trabajadoras  |9 259236 
650 7 |a EDUCACION DE LA MUJER  |2 CL-VaPUC  |9 307884 
650 0 |a Delincuencia juvenil  |9 311188 
583 |a last modification  |c 20170911 01:10:24  |k Rodrigo Vera 
999 |c 290409  |d 290407 
952 |0 0  |1 0  |4 0  |6 305_400000000000000_UNE_2000  |7 0  |8 A  |9 339791  |a BIBEDU  |b BIBEDU  |d 2019-11-20  |i 3630897  |o 305.4 UNE 2000  |p 3630897  |r 2019-11-20  |w 2019-11-20  |y BK  |k BME 
952 |0 0  |1 0  |4 0  |6 305_400000000000000_UNE_2000  |7 0  |8 A  |9 339792  |a BIBEDU  |b BIBEDU  |d 2019-11-20  |i 3922146  |o 305.4 UNE 2000  |p 3922146  |r 2019-11-20  |w 2019-11-20  |y BK  |k BME 
952 |0 0  |1 0  |4 0  |6 305_400000000000000_UNE_2000  |7 0  |8 A  |9 339793  |a BIBEDU  |b BIBEDU  |d 2019-11-20  |i 4439996  |o 305.4 UNE 2000  |p 4439996  |r 2019-11-20  |w 2019-11-20  |y BK  |k EPE